00498nam a22001577a 450000500170000000800410001702000150005804100130007308200140008610000230010024500840012325000190020726000570022630000310028365000260031420231102095440.0231102b |||||||| |||| 00| 0 eng d a0409032956 aEnglish  a346.6 HEN aMilne, AlEnglish  aHenochsberg on the Companies Act : bfourth (cumulative) supplement /cA Milne  aThird Edition  aDurban :bButterworth and Company (Pty) Ltd, c1980 bxvi, 170 pages ; c25 cm.  aLegal practice bLaw